A course in electrical and electronic measurements and instrumentation / (Record no. 164923)

MARC details
000 -LEADER
fixed length control field 00801nam a22002177a 4500
005 - DATE AND TIME OF LATEST TRANSACTION
control field 20190715112754.0
010 ## - LCCN (DPL NO)
LC control number B-728350
020 ## - INTERNATIONAL STANDARD BOOK NUMBER
International Standard Book Number 9788177001006
Terms of availability 695.00
035 ## - SYSTEM CONTROL NUMBER
System control number B-728350
037 ## - SOURCE OF ACQUISITION
Source of stock number/acquisition RK Books
082 ## - DEWEY DECIMAL CLASSIFICATION NUMBER
Classification number 621.37
100 ## - MAIN ENTRY--PERSONAL NAME
Personal name Sawhney,A. K
245 ## - TITLE STATEMENT
Title A course in electrical and electronic measurements and instrumentation /
Statement of responsibility, etc by A. K.Sawhney [and] Puneet Sawhney
260 ## - PUBLICATION, DISTRIBUTION, ETC. (IMPRINT)
Place of publication, distribution, etc Delhi
Name of publisher, distributor, etc Dhanpat Rai
Date of publication, distribution, etc 2019 (repr.)
270 ## - ADDRESS
Address 1682, 1710 Nai Sarak
City Delhi
Postal code 110006
300 ## - PHYSICAL DESCRIPTION
Extent 1320p.:
Other physical details ill.
Dimensions 26cm(pbk)
500 ## - GENERAL NOTE
General note includes index
700 ## - ADDED ENTRY--PERSONAL NAME
Personal name Sawhney, Puneet
942 ## - ADDED ENTRY ELEMENTS (KOHA)
Source of classification or shelving scheme Dewey Decimal Classification
Item type English Books
Classification part 621.37
Call number suffix SAW
Holdings
Withdrawn status Lost status Not for loan Collection code Home library Current library Date acquired Source of acquisition Cost, normal purchase price Full call number Barcode Copy number Cost, replacement price Koha item type
      Non-fiction Vinoba Puri Vinoba Puri 30/05/2019 RK Books/IN393/2019-20/24-05-19/05/20-05-19/28-05-19 695.00 621.37 SAW B-728350 1 695.00 English Books

© Delhi Public Library
Hit Counter
free hit counter